00773cam a2200229 a 450000100100000000500170001000800410002702000150006804000230008308200190010610000410012524500670016626000320023330000280026549000290029350400410032260000370036365000480040065000260044870000380047483000310051200000554220200929151715.0990630s1999 sp a b 001 p spa  a8437616859 aDO-SdBNPcDLCdDLC a861.3bA451ó1 aAlmogaver Boscán, Juan,d1493-154210aObra completa /cJuan Boscán ; edición, Carlos Clavería. aMadrid :bCátedra,c1999. a568 p. :bil. ;c18 cm.1 aLetras Hispánicasv453 aBibliografías p. 25-35 e índice.14aGARCILASO DE LA VEGA,d1539-1616 4aPoesía españolaySIGLO XVIxColecciones 4aLiteratura española1 aClavería Laguarda, Carlos,eed. 0aLetras hispánicas ;v453